| 000 | 00925nam a22002417a 4500 | ||
|---|---|---|---|
| 003 | OSt | ||
| 005 | 20180116192422.0 | ||
| 008 | 140625t xxu||||| |||| 00| 0 eng d | ||
| 040 | _csada | ||
| 082 |
_221 _a693.83 _bAGA |
||
| 110 | 0 |
_aAga Khan Planning and Building Service Pakistan. _97569 |
|
| 245 | 1 | 0 |
_a23 Roof insulation values. _bThermal insulation values for houses in high mountain areas in the Himalayas. |
| 246 | 0 | _aTwenty three Roof insulation values. | |
| 260 |
_aS.L : _bS.N, _c2010. |
||
| 300 | _a42 p.;ill. | ||
| 650 | 1 | 0 |
_2LCSH _aThermal insulation. _bHimalayas. _97570 |
| 710 | 1 |
_aUnited Nations Development Programme. (UNDP) _97571 |
|
| 710 | 1 |
_aGlobal Environment facility. (GEF) _97572 |
|
| 710 | 1 |
_aAGA Khan foundation. (Pakistan) _97573 |
|
| 710 | 1 |
_aMinistry of Environment Government of Pakistan. _97574 |
|
| 710 | 1 |
_aBuilding and Construction Improvement Programme - BACIP _97575 |
|
| 942 |
_2ddc _cBK |
||
| 999 |
_c353956 _d353956 |
||